[Event "Paul Keres mem  (38th)"]
[Site "Richmond CAN"]
[Date "2013.05.18"]
[Round "2.6"]
[White "Zhang, Yutong"]
[Black "Villavieja, Butch"]
[Result "0-1"]
[WhiteElo "1525"]
[BlackElo "2293"]
[PlyCount "134"]
[GameId "2160767909347808"]
[EventDate "2013.05.18"]
[EventType "swiss"]
[EventRounds "6"]
[EventCountry "CAN"]

1. e4 d6 2. d4 g6 3. Nc3 Bg7 4. Be3 a6 5. Bc4 Nf6 6. f3 c6 7. Bb3 Qa5 8. Qd2 Nbd7 9. Nge2 c5 10. O-O O-O 11. Ng3 Qc7 12. a4 b6 13. Nce2 c4 14. Qc3 d5 15. e5 Ne8 16. Ba2 b5 17. a5 Nb8 18. b4 Nc6 19. Qd2 f6 20. f4 Bg4 21. c3 e6 22. Rf2 Qd8 23. Raf1 Bxe2 24. Nxe2 f5 25. g3 Rf7 26. Kh1 Bf8 27. Ng1 Be7 28. Nf3 Rg7 29. h4 Nc7 30. Rh2 Qf8 31. Rb1 Rc8 32. Qe1 Nd8 33. Ng1 Nf7 34. Nh3 Nh6 35. Nf2 Kf7 36. Qd2 Qg8 37. Kg2 Ke8 38. Kf3 Kd7 39. Ke2 Qf7 40. Rbh1 Rcg8 41. Bb1 Qf8 42. Bc2 Qc8 43. Ke1 Nf7 44. Ke2 h6 45. Nh3 Qf8 46. Rb1 Rh7 47. Ng1 Ne8 48. Kf2 Ng7 49. Bd1 Qd8 50. Nf3 Rgh8 51. Kg2 Kc6 52. Be2 Qf8 53. Bd1 Kb7 54. Be2 Ne8 55. Rhh1 Qg8 56. Bd1 g5 57. hxg5 hxg5 58. Rxh7 Qxh7 59. Be2 Qh3+ 60. Kf2 g4 61. Ng5 Nxg5 62. fxg5 Qh2+ 63. Ke1 Qxg3+ 64. Kd1 Qg2 65. Kc2 Qe4+ 66. Kb2 Rh3 67. Bf4 Bxb4 0-1

[Event "Paul Keres mem  (38th)"]
[Site "Richmond CAN"]
[Date "2013.05.18"]
[Round "2.7"]
[White "Pechisker, Alfred"]
[Black "Beaudry, Lukas"]
[Result "1-0"]
[WhiteElo "2275"]
[BlackElo "2117"]
[PlyCount "67"]
[GameId "2160767909347809"]
[EventDate "2013.05.18"]
[EventType "swiss"]
[EventRounds "6"]
[EventCountry "CAN"]

1. d4 Nf6 2. c4 g6 3. Nc3 Bg7 4. e4 d6 5. f3 O-O 6. Bg5 c5 7. d5 h6 8. Be3 e6 9. Qd2 exd5 10. cxd5 h5 11. Nge2 Re8 12. Nc1 a6 13. a4 b6 14. Be2 Nh7 15. Nd3 Nd7 16. Nf2 Ra7 17. h3 Qe7 18. g4 h4 19. O-O f5 20. Rae1 fxg4 21. hxg4 g5 22. f4 gxf4 23. Bxf4 Be5 24. Nd3 Bd4+ 25. Kh2 Ndf6 26. g5 Qd7 27. Nf2 Rxe4 28. Bf3 Rxe1 29. Qxe1 Bxf2 30. Rxf2 Qh3+ 31. Kg1 Rg7 32. Bg2 Nxg5 33. Bxh3 Nf3+ 34. Kh1 1-0

[Event "Paul Keres mem  (38th)"]
[Site "Richmond CAN"]
[Date "2013.05.18"]
[Round "2.9"]
[White "Sanetullaev, Alisher"]
[Black "Xiao, Alice"]
[Result "1/2-1/2"]
[WhiteElo "2163"]
[BlackElo "1885"]
[PlyCount "134"]
[GameId "2160767909347810"]
[EventDate "2013.05.18"]
[EventType "swiss"]
[EventRounds "6"]
[EventCountry "CAN"]

1. e4 d5 2. exd5 Qxd5 3. Nc3 Qa5 4. d4 c6 5. Nf3 Nf6 6. Bc4 Bf5 7. Bd2 Qc7 8. Bb3 e6 9. h3 Be7 10. Qe2 Nbd7 11. g4 Bg6 12. O-O-O O-O-O 13. Kb1 Nb6 14. Rhe1 Rhe8 15. a3 Nfd5 16. Ne5 Nxc3+ 17. Bxc3 Nd5 18. Bd2 Qb6 19. Ka2 Bf8 20. c4 Nb4+ 21. Bxb4 Bxb4 22. Nxg6 Bxe1 23. Ne5 Ba5 24. Nxf7 Rxd4 25. Nd6+ Rxd6 26. Rxd6 e5 27. Bc2 Qc5 28. Bf5+ Kb8 29. Rd7 g6 30. b4 Qf8 31. Be4 Bc7 32. Rxh7 Qg8 33. Rd7 Rd8 34. Rxd8+ Bxd8 35. b5 cxb5 36. Bd5 Qe8 37. f4 bxc4 38. fxe5 c3 39. Kb3 Qe7 40. Qb5 a6 41. Qb4 Qxb4+ 42. axb4 a5 43. b5 Kc7 44. Kxc3 Kb6 45. Kc4 g5 46. Be4 a4 47. Kb4 a3 48. Kxa3 Kxb5 49. Bxb7 Kc4 50. e6 Be7+ 51. Ka4 Bd8 52. Bc8 Kc5 53. Kb3 Bf6 54. Kc2 Kc4 55. Kd2 Kd4 56. Ke2 Ke4 57. Kf2 Bd4+ 58. Kg3 Be5+ 59. Kg2 Bf6 60. Bd7 Ke5 61. Kf3 Be7 62. Bc8 Bd8 63. Ke3 Kd5 64. h4 gxh4 65. Kf4 Kd6 66. g5 h3 67. g6 h2 1/2-1/2

[Event "Paul Keres mem  (38th)"]
[Site "Richmond CAN"]
[Date "2013.05.18"]
[Round "2.10"]
[White "Herdin, Matthew"]
[Black "Escandor, Manuel Omana"]
[Result "1/2-1/2"]
[WhiteElo "2128"]
[BlackElo "1624"]
[PlyCount "181"]
[GameId "2160767909347811"]
[EventDate "2013.05.18"]
[EventType "swiss"]
[EventRounds "6"]
[EventCountry "CAN"]

1. e4 d6 2. d4 Nf6 3. Nc3 g6 4. Nf3 Bg7 5. Be2 O-O 6. O-O a6 7. h3 b6 8. Re1 Bb7 9. Bf1 Re8 10. Bg5 Nbd7 11. Qd2 Nf8 12. Rad1 Ne6 13. Bh6 Rc8 14. Bxg7 Kxg7 15. Bc4 Nf8 16. e5 Ng8 17. Ng5 d5 18. Bf1 h6 19. Nf3 Ne6 20. Ne2 c5 21. c3 c4 22. Nh4 Ng5 23. Ng3 e6 24. Qf4 Bc6 25. Qg4 Bd7 26. Re3 Ne7 27. f4 Nf5 28. Nhxf5+ exf5 29. Qe2 Ne4 30. Nxe4 fxe4 31. g4 Qh4 32. Bg2 f5 33. exf6+ Kxf6 34. Rf1 Rf8 35. Kh2 Kg7 36. Rg3 Kh7 37. Qe3 Qe7 38. Qc1 Qd6 39. b3 b5 40. Rf2 a5 41. bxc4 Rxc4 42. Bf1 Rc7 43. Qe3 Rfc8 44. Qd2 Rf8 45. h4 Qe7 46. h5 g5 47. fxg5 Qxg5 48. Bh3 Qxd2 49. Rxd2 Rfc8 50. Rf2 Rg8 51. g5 Bxh3 52. g6+ Kg7 53. Kxh3 Rf8 54. Rxf8 Kxf8 55. Kg4 b4 56. cxb4 axb4 57. Kf5 Rc3 58. Kf4 Rc2 59. Ke5 Rxa2 60. Kxd5 Ra3 61. Rg1 e3 62. Kc4 Ra5 63. Rh1 e2 64. Re1 Rxh5 65. Rxe2 Rg5 66. Kxb4 Rxg6 67. d5 Kf7 68. Kc5 Rg1 69. d6 Rc1+ 70. Kb6 Rb1+ 71. Kc7 Rc1+ 72. Kd8 Ra1 73. d7 Ra8+ 74. Kc7 Ra7+ 75. Kc6 Ra6+ 76. Kb7 Rd6 77. Kc7 Rd1 78. d8=Q Rxd8 79. Kxd8 Kf6 80. Kd7 Kf5 81. Kd6 h5 82. Kd5 Kf4 83. Kd4 h4 84. Rf2+ Kg3 85. Ke3 h3 86. Rf3+ Kg2 87. Rf2+ Kg3 88. Rf3+ Kg2 89. Kf4 h2 90. Rg3+ Kf2 91. Rh3 1/2-1/2

[Event "Paul Keres mem  (38th)"]
[Site "Richmond CAN"]
[Date "2013.05.19"]
[Round "3"]
[White "Kriventsov, Stanislav"]
[Black "Doknjas, John"]
[Result "1-0"]
[WhiteElo "2406"]
[BlackElo "1904"]
[PlyCount "75"]
[GameId "2160767909347812"]
[EventDate "2013.05.18"]
[EventType "swiss"]
[EventRounds "6"]
[EventCountry "CAN"]
[SourceTitle "CBM 154 Extra"]
[Source "ChessBase"]
[SourceDate "2013.06.25"]
[SourceVersion "2"]
[SourceVersionDate "2013.06.25"]
[SourceQuality "1"]

1. d4 Nf6 2. c4 c5 3. d5 e6 4. Nc3 exd5 5. cxd5 d6 6. Nf3 g6 7. Bf4 a6 8. a4 Bg7 9. h3 O-O 10. e3 Nh5 11. Bh2 f5 12. Be2 f4 13. e4 Nd7 14. Nd2 Ndf6 15. O-O Re8 16. Bf3 b6 17. Rb1 Rb8 18. b4 b5 19. axb5 axb5 20. bxc5 dxc5 21. Rxb5 Rxb5 22. Nxb5 Ba6 23. Qa4 Bxb5 24. Qxb5 Bf8 25. Ra1 Bd6 26. Ra6 Qe7 27. Qc6 Be5 28. d6 Qe6 29. Be2 Qc8 30. Qxc8 Rxc8 31. Nc4 Bd4 32. e5 Ne4 33. Bxh5 Bxf2+ 34. Kf1 gxh5 35. d7 Rf8 36. Nd6 Nxd6 37. Kxf2 Nf5 38. Rf6 1-0

[Event "Paul Keres mem  (38th)"]
[Site "Richmond CAN"]
[Date "2013.05.19"]
[Round "3.1"]
[White "Villavieja, Butch"]
[Black "Orlov, Georgi"]
[Result "0-1"]
[WhiteElo "2293"]
[BlackElo "2520"]
[PlyCount "80"]
[GameId "2160767909347813"]
[EventDate "2013.05.18"]
[EventType "swiss"]
[EventRounds "6"]
[EventCountry "CAN"]

1. e4 c5 2. Nf3 e6 3. d4 cxd4 4. Nxd4 a6 5. Bd3 Qb6 6. Nb3 Nc6 7. O-O Nf6 8. Nc3 d6 9. a4 Be7 10. Be3 Qc7 11. a5 O-O 12. f4 Bd7 13. Na4 Nb4 14. Nb6 Rab8 15. Bd2 Nxd3 16. cxd3 Bc6 17. Be3 Nd7 18. Rc1 Nxb6 19. axb6 Qd7 20. Bd4 Rbc8 21. Na5 Bb5 22. Qd2 e5 23. Bc3 d5 24. exd5 exf4 25. Qxf4 Qxd5 26. Qg3 f6 27. Kh1 Qxd3 28. Rf3 Qd7 29. Re1 Bd6 30. Qh4 Bc5 31. Rh3 h6 32. Nb3 Bxb6 33. Qg3 Rc4 34. Rh4 Rxh4 35. Qxh4 Re8 36. Rxe8+ Qxe8 37. Nd4 Qe3 38. Nf3 Bc6 39. Qc4+ Kh7 40. Bd2 Qxf3 0-1

[Event "Paul Keres mem  (38th)"]
[Site "Richmond CAN"]
[Date "2013.05.19"]
[Round "3.2"]
[White "Lo, Ryan"]
[Black "Yoos, John"]
[Result "1/2-1/2"]
[WhiteElo "2156"]
[BlackElo "2382"]
[PlyCount "47"]
[GameId "2160767909347814"]
[EventDate "2013.05.18"]
[EventType "swiss"]
[EventRounds "6"]
[EventCountry "CAN"]

1. d4 Nf6 2. c4 Nc6 3. Nc3 e5 4. d5 Ne7 5. e4 Ng6 6. Be3 Bb4 7. f3 O-O 8. Nge2 d6 9. a3 Bc5 10. Bxc5 dxc5 11. Nc1 a5 12. Nd3 Qe7 13. g3 Bd7 14. b3 b6 15. Bg2 Ne8 16. a4 Nd6 17. Qd2 f5 18. O-O-O fxe4 19. fxe4 Bg4 20. Rdf1 Rxf1+ 21. Rxf1 Rf8 22. Rxf8+ Nxf8 23. Nb5 Nxb5 24. axb5 1/2-1/2

[Event "Paul Keres mem  (38th)"]
[Site "Richmond CAN"]
[Date "2013.05.19"]
[Round "3.3"]
[White "Kolbus, Dietmar"]
[Black "Pechisker, Alfred"]
[Result "1/2-1/2"]
[WhiteElo "2356"]
[BlackElo "2275"]
[PlyCount "232"]
[GameId "2160767909347815"]
[EventDate "2013.05.18"]
[EventType "swiss"]
[EventRounds "6"]
[EventCountry "CAN"]

1. c4 g6 2. e4 Bg7 3. d4 d6 4. Nc3 e5 5. Nge2 Nc6 6. Be3 f5 7. d5 Nce7 8. f3 Nf6 9. h3 f4 10. Bf2 g5 11. Qd2 h5 12. O-O-O Ng6 13. Kb1 Kf7 14. Nc1 b6 15. Nd3 a5 16. Be2 g4 17. hxg4 hxg4 18. fxg4 Bxg4 19. Bf3 Qd7 20. Qe2 Rh6 21. Rxh6 Bxh6 22. Nb5 Rh8 23. Rh1 Bxf3 24. gxf3 Bg5 25. Rxh8 Nxh8 26. Qf1 Kg6 27. Qg2 Kh6 28. Be1 Ng6 29. Qh1+ Kg7 30. b3 Ng8 31. Qg2 Bd8 32. Kc2 Nh6 33. Kd1 Nf7 34. Bf2 Ng5 35. Ke2 Kf7 36. Kf1 Kf6 37. Qh1 Kg7 38. Be1 Nh7 39. Kg2 Ng5 40. Qh5 Nh7 41. Qh3 Ngf8 42. Qxd7+ Nxd7 43. Nf2 Nhf6 44. Kh3 Kg6 45. Ng4 Ne8 46. Bf2 Kh5 47. Nh2 Kg6 48. Nf1 Kh5 49. Nd2 Kg6 50. Nb1 Kf7 51. N1c3 Kg6 52. Na7 Nb8 53. a3 Kf7 54. b4 axb4 55. axb4 Kg6 56. Ncb5 Kf7 57. Kg4 Kg6 58. Be1 Nf6+ 59. Kh3 Ne8 60. Bc3 Na6 61. Nc6 Bf6 62. Be1 Kf7 63. Na3 Be7 64. Kg4 Nf6+ 65. Kh3 Nd7 66. Bc3 Bf6 67. Nb5 Be7 68. Bd2 Bf6 69. Na3 Be7 70. Nc2 Bf6 71. Ne1 Be7 72. Ng2 Bf6 73. Be1 Nab8 74. Na7 Nf8 75. Nb5 Na6 76. Kg4 Ng6 77. Bc3 Bd8 78. Na7 Nb8 79. Kh3 Bf6 80. Be1 Bd8 81. Bf2 Be7 82. Ne1 Nf8 83. Nd3 Nfd7 84. Be1 Bd8 85. Bc3 Bf6 86. Nc6 Na6 87. Kg4 Kg6 88. Bb2 Kf7 89. Kf5 Be7 90. Ba3 Nab8 91. Nxb8 Nxb8 92. c5 bxc5 93. bxc5 Nd7 94. c6 Nf6 95. Nb4 Ne8 96. Na6 Bd8 97. Bb4 Ng7+ 98. Kg4 Ne8 99. Ba5 Kg6 100. Kh3 Kh5 101. Be1 Be7 102. Nb4 Bd8 103. Nd3 Be7 104. Nb2 Bd8 105. Nc4 Be7 106. Na3 Bd8 107. Nb5 Be7 108. Kg2 Bh4 109. Bb4 Bd8 110. Na3 Bh4 111. Nc4 Bd8 112. Ba5 Kh4 113. Bc3 Bf6 114. Bb4 Bd8 115. Be1+ Kh5 116. Kh3 Be7 1/2-1/2

[Event "Paul Keres mem  (38th)"]
[Site "Richmond CAN"]
[Date "2013.05.19"]
[Round "3.5"]
[White "Cheng, Jack"]
[Black "Jiganchine, Roman"]
[Result "1-0"]
[WhiteElo "2237"]
[BlackElo "2217"]
[PlyCount "149"]
[GameId "2160767909347816"]
[EventDate "2013.05.18"]
[EventType "swiss"]
[EventRounds "6"]
[EventCountry "CAN"]

1. e4 c5 2. Nf3 Nc6 3. d4 cxd4 4. Nxd4 Nf6 5. Nc3 e5 6. Ndb5 d6 7. Bg5 a6 8. Na3 b5 9. Nd5 Be7 10. Bxf6 Bxf6 11. c3 O-O 12. Nc2 Bg5 13. Be2 Be6 14. Ncb4 Nxb4 15. Nxb4 Qb6 16. O-O a5 17. Nd5 Qb7 18. Qd3 Bxd5 19. exd5 b4 20. cxb4 Qxb4 21. Rab1 Rab8 22. a3 Qc5 23. Rfd1 g6 24. Qe4 Rfc8 25. b4 Qc3 26. Ba6 Rc7 27. b5 Rb6 28. Qd3 Qc5 29. g3 f5 30. Kg2 Kf7 31. h4 Bh6 32. h5 e4 33. hxg6+ hxg6 34. Qb3 f4 35. gxf4 Bxf4 36. Rh1 Kf6 37. Rbd1 Qc3 38. Qxc3+ Rxc3 39. Rd4 Ke5 40. Ra4 Kxd5 41. Rd1+ Rd3 42. Ra1 Rd4 43. Rxd4+ Kxd4 44. a4 d5 45. Bc8 Kc3 46. Bd7 Kd2 47. Kf1 Rd6 48. Bc6 g5 49. Rb1 Kc2 50. Re1 g4 51. Ke2 d4 52. Bxe4+ d3+ 53. Kf1 Kc3 54. Rb1 Rd4 55. Bf5 Rxa4 56. Bxg4 Rb4 57. Ra1 Rxb5 58. Ra4 Bc7 59. Ra3+ Kc2 60. Ra2+ Rb2 61. Bd1+ Kxd1 62. Rxb2 a4 63. Ra2 Bd6 64. Rxa4 Kc2 65. Rd4 Be5 66. Rd5 Bc3 67. f4 Bd2 68. f5 Bg5 69. Rc5+ Kd2 70. Rc6 Ke3 71. Ke1 Ke4 72. f6 Kd5 73. Ra6 Ke5 74. f7 Be7 75. Ra8 1-0

[Event "Paul Keres mem  (38th)"]
[Site "Richmond CAN"]
[Date "2013.05.19"]
[Round "3.7"]
[White "Wu, Howard"]
[Black "Botez, Alexandra"]
[Result "1-0"]
[WhiteElo "2255"]
[BlackElo "2038"]
[PlyCount "117"]
[GameId "2160767909347818"]
[EventDate "2013.05.18"]
[EventType "swiss"]
[EventRounds "6"]
[EventCountry "CAN"]

1. e4 e6 2. d4 d5 3. Nd2 c5 4. exd5 exd5 5. Ngf3 Nf6 6. Bb5+ Bd7 7. Bxd7+ Nbxd7 8. O-O Be7 9. dxc5 Nxc5 10. Nb3 Nce4 11. Nfd4 Qd7 12. f3 Nd6 13. Nc5 Qc7 14. Nd3 O-O 15. c3 b5 16. Re1 Rfe8 17. Qb3 a6 18. Bg5 Nc4 19. Nf5 Bc5+ 20. Nxc5 Qxc5+ 21. Nd4 Nd7 22. a4 f6 23. Bh4 Nde5 24. axb5 Nd2 25. Qd1 Ndc4 26. b4 Qd6 27. Rxa6 Rxa6 28. bxa6 g5 29. Bf2 Qxa6 30. Nf5 Qe6 31. Qa4 Nb2 32. Qb5 Nbd3 33. Nd4 Qf7 34. Rd1 Nb2 35. Ra1 Rd8 36. Qb6 Re8 37. Nf5 Nd7 38. Nh6+ Kg7 39. Nxf7 Nxb6 40. Ra7 Ra8 41. Rxa8 Nxa8 42. Nd6 Kf8 43. Bd4 Ke7 44. Nf5+ Kf7 45. Kf2 Nc7 46. g4 Nb5 47. Ke2 Nc4 48. Ne3 Nxe3 49. Kxe3 Ke6 50. Kd3 Nd6 51. Bf2 Ke5 52. Bg3+ Ke6 53. Kd4 Nb5+ 54. Kc5 Nxc3 55. b5 Kd7 56. Bf2 Ke6 57. Bd4 Nxb5 58. Kxb5 f5 59. Kc6 1-0

[Event "Paul Keres mem  (38th)"]
[Site "Richmond CAN"]
[Date "2013.05.19"]
[Round "3.8"]
[White "Patterson, Roger"]
[Black "Gluckie, Jamin"]
[Result "1/2-1/2"]
[WhiteElo "2035"]
[BlackElo "2198"]
[PlyCount "32"]
[GameId "2160767909347819"]
[EventDate "2013.05.18"]
[EventType "swiss"]
[EventRounds "6"]
[EventCountry "CAN"]

1. c4 f5 2. Nf3 Nf6 3. g3 d6 4. Bg2 e5 5. d3 Be7 6. Nc3 O-O 7. O-O Qe8 8. Ne1 Nc6 9. Rb1 a5 10. a3 Kh8 11. f4 Qh5 12. e3 Qh6 13. Nf3 Bd7 14. b4 axb4 15. axb4 exf4 16. exf4 Rae8 1/2-1/2

[Event "Paul Keres mem  (38th)"]
[Site "Richmond CAN"]
[Date "2013.05.19"]
[Round "3.9"]
[White "Kenney, Jason"]
[Black "Wu, Ruining (Ray)"]
[Result "1/2-1/2"]
[WhiteElo "2192"]
[BlackElo "2015"]
[PlyCount "113"]
[GameId "2160767909347820"]
[EventDate "2013.05.18"]
[EventType "swiss"]
[EventRounds "6"]
[EventCountry "CAN"]

1. c4 c6 2. g3 d5 3. Bg2 Nf6 4. Nf3 g6 5. b3 Bg7 6. Bb2 Qb6 7. Qc1 O-O 8. O-O Re8 9. d3 Nbd7 10. cxd5 cxd5 11. Bd4 Qd6 12. Qa3 Qxa3 13. Nxa3 e5 14. Bb2 a6 15. Rac1 Bf8 16. Rc2 Bd6 17. Rfc1 Nb6 18. Nb1 Bd7 19. Nfd2 Nh5 20. e4 d4 21. Ba3 Bxa3 22. Nxa3 Rac8 23. Nac4 Nxc4 24. Nxc4 Rc6 25. Na5 Rxc2 26. Rxc2 Rc8 27. Rxc8+ Bxc8 28. Nc4 f6 29. Nd6 Bd7 30. Nxb7 Bc8 31. Nc5 Ng7 32. b4 Ne6 33. Nxe6 Bxe6 34. a3 Kf8 35. Bf3 Ke7 36. Bd1 Kd6 37. Kf1 Kc6 38. Ke1 Kb5 39. Kd2 h6 40. Kc1 g5 41. Kb2 a5 42. bxa5 Kxa5 43. Bb3 Bd7 44. Kc1 Bg4 45. Kd2 Bf3 46. h4 Kb5 47. Bc2 Ka5 48. Ke1 Bg4 49. Bb3 Bd7 50. f4 Bg4 51. f5 Kb5 52. Kd2 Ka5 53. Kc1 Kb5 54. Kb2 Ka5 55. Bc2 Bh5 56. Bb3 Bg4 57. Bc2 1/2-1/2

[Event "Paul Keres mem  (38th)"]
[Site "Richmond CAN"]
[Date "2013.05.19"]
[Round "3.10"]
[White "Escandor, Manuel Omana"]
[Black "Sanetullaev, Alisher"]
[Result "0-1"]
[WhiteElo "1624"]
[BlackElo "2163"]
[PlyCount "96"]
[GameId "2160767909347821"]
[EventDate "2013.05.18"]
[EventType "swiss"]
[EventRounds "6"]
[EventCountry "CAN"]

1. e4 c6 2. b3 d5 3. e5 Bf5 4. Bb2 e6 5. Nf3 c5 6. Be2 Nd7 7. O-O Qc7 8. h3 Ne7 9. Bb5 a6 10. Bxd7+ Qxd7 11. d4 Nc6 12. Nh4 Bg6 13. c3 Be7 14. Nf3 O-O 15. Nh2 f6 16. f4 fxe5 17. fxe5 Rxf1+ 18. Qxf1 Rf8 19. Qe2 cxd4 20. cxd4 Nb4 21. Nd2 Nd3 22. Ndf3 Rc8 23. Rd1 Nxb2 24. Qxb2 Rc2 25. Qa1 Bb4 26. a4 Qc7 27. Nf1 Qe7 28. a5 Bc3 29. Qb1 Rxg2+ 30. Kxg2 Bxb1 31. Rxb1 Bxa5 32. Ne3 h6 33. Nc2 Qf7 34. Rb2 Bc3 35. Ra2 Qg6+ 36. Kf2 Qd3 37. b4 Qd1 38. Nfe1 Bxd4+ 39. Kf1 Qd2 40. Nxd4 Qxa2 41. Nxe6 Qc4+ 42. Kg1 Qxb4 43. Nf3 a5 44. Ned4 a4 45. Kg2 a3 46. Kg3 a2 47. e6 a1=Q 48. Nc2 Qd6+ 0-1

[Event "Paul Keres mem  (38th)"]
[Site "Richmond CAN"]
[Date "2013.05.19"]
[Round "4"]
[White "Orlov, Georgi"]
[Black "Kriventsov, Stanislav"]
[Result "1-0"]
[WhiteElo "2469"]
[BlackElo "2406"]
[PlyCount "45"]
[GameId "2160767909347822"]
[EventDate "2013.05.18"]
[EventType "swiss"]
[EventRounds "6"]
[EventCountry "CAN"]
[SourceTitle "CBM 154 Extra"]
[Source "ChessBase"]
[SourceDate "2013.06.25"]
[SourceVersion "2"]
[SourceVersionDate "2013.06.25"]
[SourceQuality "1"]

1. e4 e5 2. Nf3 Nc6 3. Nc3 Nf6 4. g3 g6 5. d4 exd4 6. Nxd4 Bg7 7. Nde2 d6 8. Bg2 O-O 9. O-O Bd7 10. h3 Qe7 11. Bg5 Qe5 12. Qd2 Rae8 13. f4 Qc5+ 14. Kh2 h6 15. Bxf6 Bxf6 16. Nd5 Bd8 17. b4 Qc4 18. Rfb1 Nb8 19. Nec3 b6 20. b5 c5 21. Rd1 Kg7 22. Bf1 Qd4 23. Qe1 1-0

[Event "Paul Keres mem  (38th)"]
[Site "Richmond CAN"]
[Date "2013.05.19"]
[Round "4.2"]
[White "Yoos, John"]
[Black "Cheng, Jack"]
[Result "1-0"]
[WhiteElo "2382"]
[BlackElo "2237"]
[PlyCount "75"]
[GameId "2160767909347823"]
[EventDate "2013.05.18"]
[EventType "swiss"]
[EventRounds "6"]
[EventCountry "CAN"]

1. e4 e5 2. f4 exf4 3. Nf3 d6 4. Bc4 g5 5. h4 g4 6. Ng5 Nh6 7. d4 Bg7 8. Bxf4 Nc6 9. c3 Qe7 10. O-O Bd7 11. Na3 Na5 12. Bd3 f6 13. Qd2 Ng8 14. Rae1 O-O-O 15. e5 dxe5 16. Nxh7 f5 17. Bg5 Qe8 18. Bxd8 Qxd8 19. Ng5 Rxh4 20. Bxf5 Bxf5 21. Rxf5 Ne7 22. Rfxe5 Bxe5 23. Rxe5 Nac6 24. Re1 Qh8 25. Kf2 Rh2 26. Rg1 Qf6+ 27. Ke1 Nd5 28. Kd1 Qf5 29. Re1 Nf4 30. Rf1 Qxg5 31. Rxf4 Rh1+ 32. Kc2 Qg6+ 33. Kb3 Na5+ 34. Ka4 b6 35. Qe2 Rh5 36. Qxg4+ Qxg4 37. Rxg4 a6 38. b4 1-0

[Event "Paul Keres mem  (38th)"]
[Site "Richmond CAN"]
[Date "2013.05.19"]
[Round "4.3"]
[White "Lo, Ryan"]
[Black "Kolbus, Dietmar"]
[Result "1-0"]
[WhiteElo "2156"]
[BlackElo "2356"]
[PlyCount "117"]
[GameId "2160767909347824"]
[EventDate "2013.05.18"]
[EventType "swiss"]
[EventRounds "6"]
[EventCountry "CAN"]

1. d4 Nf6 2. c4 g6 3. Nc3 d5 4. cxd5 Nxd5 5. e4 Nxc3 6. bxc3 Bg7 7. Bc4 O-O 8. Ne2 c5 9. O-O Nc6 10. Be3 Qc7 11. Rc1 Na5 12. Bd3 b6 13. f4 e6 14. f5 exf5 15. exf5 Qe7 16. Qd2 Bxf5 17. Rxf5 gxf5 18. Ng3 cxd4 19. Nxf5 Qe6 20. cxd4 Rac8 21. d5 Qe5 22. Rxc8 Rxc8 23. Bd4 Qxd4+ 24. Nxd4 Bxd4+ 25. Kf1 Bg7 26. Qg5 h6 27. Qe7 Rc3 28. Qe8+ Bf8 29. Bh7+ Kxh7 30. Qxf8 Rc1+ 31. Kf2 Rc2+ 32. Kg3 Kg6 33. Qb4 Rc5 34. d6 Nc6 35. Qe4+ Kf6 36. d7 Kg7 37. Qxc6 Rxc6 38. d8=Q Rc5 39. Qd4+ Kg6 40. Kf3 h5 41. Ke3 Ra5 42. a4 Kh7 43. Kd3 Kg6 44. Kc3 Kh7 45. Qd7 Kg6 46. Kb4 Kf6 47. Qc6+ Ke7 48. g4 hxg4 49. Qe4+ Kf6 50. Qxg4 Rg5 51. Qf4+ Kg6 52. h4 Ra5 53. Kb3 Kg7 54. Qg4+ Kh7 55. Kb4 Kh8 56. h5 Kh7 57. Qf4 Kg7 58. h6+ Kg6 59. Qh4 1-0

[Event "Paul Keres mem  (38th)"]
[Site "Richmond CAN"]
[Date "2013.05.19"]
[Round "4.4"]
[White "Pechisker, Alfred"]
[Black "Villavieja, Butch"]
[Result "1-0"]
[WhiteElo "2275"]
[BlackElo "2293"]
[PlyCount "71"]
[GameId "2160767909347825"]
[EventDate "2013.05.18"]
[EventType "swiss"]
[EventRounds "6"]
[EventCountry "CAN"]

1. d4 Nf6 2. c4 g6 3. Nc3 Bg7 4. e4 d6 5. f3 O-O 6. Be3 Nc6 7. Nge2 a6 8. g4 Rb8 9. a4 Bd7 10. d5 Ne5 11. Ng3 e6 12. g5 exd5 13. gxf6 Qxf6 14. Be2 Nxc4 15. Bxc4 dxc4 16. O-O Bh3 17. Rf2 c6 18. a5 Rfe8 19. Qd2 h5 20. Nge2 Qe7 21. Bd4 Bf8 22. Qf4 Kh7 23. Bf6 Qe6 24. Qh4 Bh6 25. Nf4 Bxf4 26. Qxf4 d5 27. Qg5 Rbc8 28. Rd2 Qd6 29. exd5 Bf5 30. dxc6 Qxc6 31. Nd5 Qc5+ 32. Kh1 Be6 33. Bc3 Bxd5 34. Rxd5 Qc6 35. Rg1 f5 36. Rd7+ 1-0

[Event "Paul Keres mem  (38th)"]
[Site "Richmond CAN"]
[Date "2013.05.19"]
[Round "4.6"]
[White "Sanetullaev, Alisher"]
[Black "Wu, Howard"]
[Result "0-1"]
[WhiteElo "2163"]
[BlackElo "2255"]
[PlyCount "72"]
[GameId "2160767909356019"]
[EventDate "2013.05.18"]
[EventType "swiss"]
[EventRounds "6"]
[EventCountry "CAN"]

1. d4 Nf6 2. c4 c5 3. d5 b5 4. Qc2 bxc4 5. e4 d6 6. Bxc4 g6 7. f4 Bg7 8. Nf3 O-O 9. O-O Ba6 10. Nbd2 Nfd7 11. Qd3 Qa5 12. a3 Nb6 13. Bxa6 Qxa6 14. Qe3 N8d7 15. Rb1 Rab8 16. b4 cxb4 17. axb4 Nc4 18. Nxc4 Qxc4 19. Bd2 Nf6 20. Rfe1 Ng4 21. Qe2 Rfc8 22. h3 Nf6 23. Qe3 a6 24. Rbc1 Qa2 25. Nd4 Rxc1 26. Rxc1 Nxe4 27. Nc6 Re8 28. Qxe4 Qxd2 29. Nxe7+ Kf8 30. Rc7 Qd4+ 31. Qxd4 Bxd4+ 32. Kf1 Rxe7 33. Rc6 Rb7 34. Rxd6 Rb6 35. Rxb6 Bxb6 36. f5 Ke7 0-1

[Event "Paul Keres mem  (38th)"]
[Site "Richmond CAN"]
[Date "2013.05.19"]
[Round "4.7"]
[White "Gluckie, Jamin"]
[Black "Wu, Ruining (Ray)"]
[Result "1/2-1/2"]
[WhiteElo "2198"]
[BlackElo "2015"]
[PlyCount "75"]
[GameId "2160767909356020"]
[EventDate "2013.05.18"]
[EventType "swiss"]
[EventRounds "6"]
[EventCountry "CAN"]

1. d4 d5 2. c4 c6 3. Nf3 Nf6 4. e3 e6 5. Nbd2 Nbd7 6. Bd3 Bd6 7. O-O O-O 8. e4 dxe4 9. Nxe4 Nxe4 10. Bxe4 Nf6 11. Bc2 h6 12. b3 b6 13. Bb2 c5 14. Qd3 cxd4 15. Qxd4 Be7 16. Qc3 Bb7 17. Rad1 Qc7 18. Rd4 e5 19. Rd2 Bxf3 20. Qxf3 Rad8 21. Re2 Bd6 22. h3 Rfe8 23. Rfe1 Re6 24. Bf5 Re7 25. g4 Nd7 26. g5 hxg5 27. Qh5 Nf8 28. Qxg5 f6 29. Qg4 Bc5 30. h4 Bb4 31. Rc1 a5 32. h5 Kh8 33. Kg2 Qc6+ 34. Be4 Qc7 35. Bd5 Qd7 36. Qf3 Ne6 37. Bxe6 Qxe6 38. Kh1 1/2-1/2

[Event "Paul Keres mem  (38th)"]
[Site "Richmond CAN"]
[Date "2013.05.19"]
[Round "4.8"]
[White "Collins, Casey"]
[Black "Kenney, Jason"]
[Result "0-1"]
[WhiteElo "1624"]
[BlackElo "2192"]
[PlyCount "66"]
[GameId "2160767909356021"]
[EventDate "2013.05.18"]
[EventType "swiss"]
[EventRounds "6"]
[EventCountry "CAN"]

1. e4 c5 2. Nf3 d6 3. Bb5+ Bd7 4. Bxd7+ Qxd7 5. d4 cxd4 6. Nxd4 Nf6 7. Nc3 g6 8. O-O Bg7 9. f3 O-O 10. Be3 Nc6 11. Qd2 Rfc8 12. Rad1 Nxd4 13. Bxd4 b5 14. a3 Qb7 15. e5 dxe5 16. Bxe5 a5 17. Rf2 b4 18. axb4 axb4 19. Nd5 Nxd5 20. Bxg7 Kxg7 21. Qxd5 Qxd5 22. Rxd5 Ra1+ 23. Rf1 Rxf1+ 24. Kxf1 Rxc2 25. Re5 Kf6 26. Re2 Rxe2 27. Kxe2 Ke5 28. Kd3 Kd5 29. f4 f6 30. g4 e5 31. fxe5 fxe5 32. b3 e4+ 33. Ke3 g5 0-1

[Event "Paul Keres mem  (38th)"]
[Site "Richmond CAN"]
[Date "2013.05.19"]
[Round "4.9"]
[White "Herdin, Matthew"]
[Black "Patterson, Roger"]
[Result "1/2-1/2"]
[WhiteElo "2128"]
[BlackElo "2035"]
[PlyCount "37"]
[GameId "2160767909356022"]
[EventDate "2013.05.18"]
[EventType "swiss"]
[EventRounds "6"]
[EventCountry "CAN"]

1. e4 c5 2. Nf3 d6 3. d4 cxd4 4. Nxd4 Nf6 5. Nc3 e6 6. Be2 Be7 7. Be3 Nc6 8. O-O O-O 9. f4 Qc7 10. Qe1 Nxd4 11. Bxd4 e5 12. fxe5 dxe5 13. Qg3 Bc5 14. Bxc5 Qxc5+ 15. Kh1 Kh8 16. Rxf6 gxf6 17. Qh4 Rg8 18. Qxf6+ Rg7 19. Qd8+ 1/2-1/2